[Event "Vellmar op 11th"]
[Site "Vellmar"]
[Date "2019.07.05"]
[Round "3"]
[White "Kroemer, Alexander"]
[Black "Warter, Simon"]
[Result "1-0"]
[WhiteElo "1641"]
[BlackElo "1565"]
[PlyCount "53"]
[EventDate "2019.07.04"]
[EventType "swiss"]
[EventRounds "7"]
[EventCountry "GER"]
[SourceTitle "CBM 191 Extra"]
[Source "ChessBase"]
[SourceDate "2019.09.30"]
[SourceVersion "1"]
[SourceVersionDate "2019.09.30"]
[SourceQuality "1"]

1. e4 e5 2. Nf3 Nc6 3. Bc4 Bc5 4. d3 h6 5. Be3 Bb6 6. Nbd2 Nf6 7. Nf1 0-0 8. Ng3 d6 9. 0-0 Bg4 10. c3 Na5 11. Bb3 Nxb3 12. Qxb3 Be6 13. Qc2 Ng4 14. Bxb6 axb6 15. d4 Bc4 16. Rfd1 exd4 17. cxd4 Bb5 18. e5 h5 19. Nxh5 g6 20. Nf4 Kg7 21. e6 c6 22. Re1 Qf6 23. g3 Nh6 24. exf7 Rxf7 25. Re6 Qf5 26. Rxg6+ Kh7 27. Ng5+ 1-0

[Event "Bad Zwesten op 17th"]
[Site "Bad Zwesten"]
[Date "2017.01.05"]
[Round "5"]
[White "Warter, Simon"]
[Black "Niemeyer, Norbert"]
[Result "0-1"]
[WhiteElo "1433"]
[BlackElo "1670"]
[PlyCount "54"]
[EventDate "2017.01.02"]
[EventType "swiss"]
[EventRounds "7"]
[EventCountry "GER"]
[SourceTitle "CBM 176 Extra"]
[Source "ChessBase"]
[SourceDate "2017.03.02"]
[SourceVersion "1"]
[SourceVersionDate "2017.03.02"]
[SourceQuality "1"]

1. e4 Nf6 2. e5 Nd5 3. c4 Nb6 4. d4 d6 5. Nf3 Bg4 6. exd6 exd6 7. Qe2+ Be7 8. Qe4 Bxf3 9. Qxf3 Nc6 10. d5 Ne5 11. Qg3 0-0 12. b3 Bf6 13. Nc3 Re8 14. Rb1 Nd3+ 15. Kd2 Nxc1 16. Kxc1 a5 17. a4 Nd7 18. Kb2 Nc5 19. Kc2 Qd7 20. Qh3 Qd8 21. Bd3 g6 22. Rhe1 Na6 23. Re2 Nb4+ 24. Kb2 Rxe2+ 25. Bxe2 Qe7 26. Bg4 Qe4 27. Ka3 Bxc3 0-1

[Event "Bad Zwesten op 17th"]
[Site "Bad Zwesten"]
[Date "2017.01.04"]
[Round "4"]
[White "Warter, Simon"]
[Black "Caliebe, Nanke"]
[Result "0-1"]
[WhiteElo "1433"]
[BlackElo "1492"]
[PlyCount "30"]
[EventDate "2017.01.02"]
[EventType "swiss"]
[EventRounds "7"]
[EventCountry "GER"]
[SourceTitle "CBM 176 Extra"]
[Source "ChessBase"]
[SourceDate "2017.03.02"]
[SourceVersion "1"]
[SourceVersionDate "2017.03.02"]
[SourceQuality "1"]

1. e4 c5 2. Nf3 Nc6 3. d4 cxd4 4. Nxd4 a6 5. Nxc6 bxc6 6. Qd4 e6 7. Bd3 Nf6 8. 0-0 Qc7 9. Be2 Bd6 10. Kh1 Bxh2 11. g3 Bxg3 12. fxg3 Qxg3 13. e5 c5 14. Qc3 Bb7+ 15. Rf3 Ng4 0-1